Statistics for Cagliari Squad 2018-2019

Click here to take the quiz!

General Stats

  • This quiz has been taken 14 times
  • The average score is 17 of 25

Answer Stats

RuoloGiocatoreNazionalità% Correct
GKAlessio CragnoItaly
100%
STLeonardo PavolettiItaly
100%
CBRagnar KlavanEstonia
100%
CMArtur IonitaRomania
86%
LBCharalampos LykogiannisGreece
86%
CBFabio PisacaneItaly
86%
CAMJoão PedroBrazil
86%
CBLuca CeppitelliItaly
86%
CMNicolò BarellaItaly
86%
GKRafaelBrazil
86%
STAlberto CerriItaly
71%
RBDarijo SrnaCroatia
71%
RBPaolo FaragòItaly
71%
CMDaniele DessenaItaly
57%
STDiego FariasBrazil
57%
CMFilip BradaricCroatia
57%
CBFilippo RomagnaItaly
57%
CMLuca CigariniItaly
57%
CMLucas CastroArgentina
57%
STMarco SauItaly
57%
GKSimone ArestiItaly
57%
CMSimone PadoinItaly
57%
LBMarko PajacCroatia
43%
CBMarco AndreolliItaly
29%
GKRiccardo DagaItaly
29%

Score Distribution

Percentile by Number Answered

Percent of People with Each Score

Your Score History

You have not taken this quiz